| 000 | 00918nam a22002057a 4500 | ||
|---|---|---|---|
| 999 |
_c57982 _d57982 |
||
| 003 | Ge_BSU | ||
| 005 | 20210415113051.0 | ||
| 008 | 210414s1987 ge ||||| |||| 00| 0 geo d | ||
| 041 | _ageo | ||
| 080 | _a53(076.1) რ-59 | ||
| 100 |
_aრიმკევიჩი, ა. _911360 |
||
| 245 |
_aფიზიკის ამოცანათა კრებული : _bსაშ. სკოლის მე-8-10 კლასებისათვის / _cა. რიმკევიჩი; რედ. ი. სემიკინა. |
||
| 250 | _a მე-9 გადამუშ. გამოც | ||
| 264 |
_aთბილისი: _bგანათლება, _c1987. |
||
| 300 |
_a190 გვ. ; _b21 სმ. |
||
| 653 | _aფიზიკა | ||
| 653 | _aამოცანათა კრებულები | ||
| 700 |
_aსემიკინა, ი. _eრედაქტორი _91337 |
||
| 942 |
_2udc _cBK |
||